1860 1537 1061 1148 1742 1973 1880 1888 1875 1621 1940 1498 1939 1878 1253 1364 1841 1673 1227 1151 1172 1702 1075 1459 1336 1396 1198 1145 1049 1845 1654 1414 1109 1397 1908 1305 1672 1131 1597 1698 1671 1209 1987 1005 1379 1338 1059 1528 1839 1505 1474 1826 1818 1894 1548 1348 1685 1087 1913 1708 1943 1325 1797 1171 1779 1381 1487 1398 1164 1719 1883 1932 1624 1239 1111 1830 1993 1057 1008 1425 1904 1039 1013 1696 1730 1890 1481 1180 1840 1643 1367 1006 1627 1148 1291 1422 1380 1586 1901 BCNSPRNW ULIB Ver.6.0+V

เปลี่ยนเป็นภาษาไทย

Change to English
 แสดงรายละเอียดบรรณานุกรม
  กลับหน้าหลัก

Brief Record : Get Marc (ISO 2709) : E-mail record : QR code < ปิดหน้าต่าง
LEADER : 00000nam 2200000uu 4500
001    13399127756
003     ULIB
008    210519s2562||||th 000 0 tha d
020 ^- ^a9786160037919
050 ^- ^aนว.^bก371ค
100 0^ aกนิษฐา ปานเกตุ.
245 10 ^aคุณพ่อสายลับ =My daddy is sitting bull /^cกรรัมภา.
246 11 ^aMy daddy is sitting bull
250 ^- ^aพิมพ์ครั้งแรก.
260 ^- ^aกรุงเทพฯ :^bพิมพ์คำ,^c2562
300 ^- ^a519 หน้า.
490 1^ aชุด Love choices รักลงเอย ;[ลำดับที่ 1]
945    ^p360^l0^i28901
999    ^aกัณชพร จุลอักษร
รายการนี้ยังไม่มีแท็ก
คุณยังไม่ได้ล็อกอิน คุณสามารถมีกิจกรรมร่วมกับเว็บไซต์ได้ แต่ต้องล็อกอินก่อน ::
  ล็อกอิน

รายการสื่อสารสนเทศ

ลำดับที่ ประเภท เลขเรียก/บาร์โค้ด สถานที่ สถานะ
1. วิทยาศาสตร์การแพทย์ และสุขภาพ
วิทยาศาสตร์การแพทย์ และสุขภาพ
นว. ก371ค ฉ.1 
  Barcode: 28901
ห้องสมุดวิทยาเขตนครสวรรค์
►นวนิยาย:l:Fiction
บนชั้น

BibComment


ยังไม่เคยถูกคอมเมนท์

คอมเมนท์ทรัพยากรรายการนี้
  คอมเมนท์: คุณพ่อสายลับ My ..


 Copyright 2026. Bcnsprnw @Library